Músicos en los Andes: testimonios y textos escritos de dos músicos del Valle de Chancay, Sierra de Lima
Saved in:
| Main Authors: | , |
|---|---|
| Format: | Bog |
| Sprog: | spansk |
| Udgivet: |
Lima
Pontificia Universidad Católica del Perú
2005
|
| Serier: | Etnográfica, 3
|
| Fag: | |
| Tags: |
Tilføj Tag
Ingen Tags, Vær først til at tagge denne postø!
|
MARC
| LEADER | 00000nam a2200000 a 4500 | ||
|---|---|---|---|
| 001 | UCI7155 | ||
| 003 | CL-VaPUC | ||
| 008 | 080613e20050000PE |||||||||||||||||spa|d | ||
| 020 | |a 9972426920 | ||
| 082 | 0 | 4 | |a 781.62985 |b RIV |2 21 |
| 100 | 0 | |a Rivera Andía, Juan Javier |e author |9 530277 | |
| 700 | 0 | |a Dávila Franke, Adriana |e author |9 530278 | |
| 245 | 1 | 0 | |a Músicos en los Andes: testimonios y textos escritos de dos músicos del Valle de Chancay, Sierra de Lima |
| 300 | |a 183 p | ||
| 942 | |c BK | ||
| 945 | |d 20080613 00:00:00 |a rbrito | ||
| 260 | |a Lima |b Pontificia Universidad Católica del Perú |c 2005 | ||
| 650 | 7 | |a MUSICA FOLKLORICA PERUANA |2 CL-VaPUC |9 450046 | |
| 650 | 0 | |a Folklore peruano |9 352072 | |
| 651 | 0 | |a Perú |9 256567 | |
| 583 | |a last modification |c 20080613 00:00:00 |k Rodrigo Vera | ||
| 490 | 0 | |a Etnográfica, 3 | |
| 999 | |c 330513 |d 330511 | ||
| 952 | |0 0 |1 0 |4 0 |6 781_629850000000000_RIV_2005 |7 0 |8 X |9 416084 |a FDOMLP |b FDOMLP |d 2019-11-22 |i 4448057 |o 781.62985 RIV 2005 |p 4448057 |r 2019-11-22 |w 2019-11-22 |y BK_X |k BU2 | ||